000 00597nam a22001817a 4500
005 20251108165439.0
008 250721s1985 xx 000 0 ara d
082 1 4 _aم/215/حزم
100 1 _aاللإندلسي، إبن حزم
_eمؤلف
245 1 0 _aالفصل في الملك و الاهواء و النحل /
264 1 _aبيروت :
_bدار الجيل،
_c1985.
300 _a5ج0
650 1 7 _aالفرق الإسلامي
700 1 _aنصر، محمد إبراهيم
_eتحقيق
700 1 _aعميرة، عبد الرحمن
_eتحقيق
942 _2ddc
_cREF
999 _c28135
_d28135